000 00440nam a2200193Ia 4500
005 20240823034914.0
008 240823s9999||||xx |||||||||||||| ||und||
020 _a978-81-7223-977-0
041 _aENGLISH
082 _A322.42092 Q0
100 _aReeti Gadekar
245 0 _aBottom of the Heap
250 _a1st
260 _c2010
_bThe India Today
500 _aYES
650 _aNovel
_bEnglish
942 _cBK
999 _c199408
_d199408